| 000 | 00695ata a2200265 4500 | ||
|---|---|---|---|
| 005 | 20241008152618.0 | ||
| 008 | 150520b xxu||||| |||| 00| 0 spa d | ||
| 041 | _aspa | ||
| 082 | _a658.3 AL434d | ||
| 100 | _aAlles, Martha Alicia | ||
| 245 | _aDesarrollo del talento humano: basado en competencias | ||
| 260 | _aArgentina | ||
| 260 | _bGranica | ||
| 260 | _b2 edición | ||
| 260 | _c2010 | ||
| 300 | _a392 páginas | ||
| 650 | _aRECURSOS HUMANOS | ||
| 650 | _aAUTODESARROLLO DE COMPETENCIAS | ||
| 650 | _aMEDICION DE COMPETENCIAS | ||
| 650 | _aAPRENDIZAJE SOCIAL | ||
| 650 | _aTALENTO HUMANO | ||
| 650 | _aCOMPETENCIAS | ||
| 650 | _aDESARROLO DE COMPETENCIAS | ||
| 942 | _cBK | ||
| 999 |
_c5792 _d5792 |
||